[Event "16ème Open de Saint Affrique"]
[Site "Saint Affrique"]
[Date "2008.07.21"]
[Round "4.44"]
[White "Pfeifer, Andreas"]
[Black "Bertrand, Quentin"]
[Result "0-1"]
[WhiteElo "2080"]
[BlackElo "1873"]
[PlyCount "146"]
[EventDate "2008.??.??"]

1. e4 Nf6 2. e5 Nd5 3. d4 d6 4. Nf3 g6 5. Bc4 c6 6. O-O Bg7 7. Re1 O-O 8. Nbd2
Bf5 9. Ne4 Nb6 10. Bd3 dxe5 11. dxe5 N8d7 12. Bf4 Qc7 13. Bg3 Nxe5 14. Nc5 Bg4
15. Be2 Bxf3 16. Bxf3 Rad8 17. Nd3 Nbd7 18. Qe2 Nxf3+ 19. Qxf3 e5 20. Qe3 Qa5
21. Nxe5 Nxe5 22. Bxe5 Bxe5 23. Qxe5 Qxe5 24. Rxe5 Rd2 25. Rc1 Rfd8 26. Kf1 Kf8
27. Ke1 f6 28. Re4 f5 29. Re3 Kf7 30. a4 Kf6 31. a5 R2d5 32. Rb3 Re8+ 33. Kf1
Re7 34. a6 b6 35. c4 Ra5 36. Ra3 Rxa3 37. bxa3 Re5 38. Rd1 Ke7 39. f4 Ra5 40.
Re1+ Kf7 41. Rd1 Rxa6 42. Rd7+ Ke6 43. Rxh7 Rxa3 44. Rc7 c5 45. Rc6+ Kf7 46.
Rc7+ Kf6 47. Ke2 Rc3 48. Rxa7 Rxc4 49. Rb7 Rb4 50. Kd3 b5 51. Rb6+ Kg7 52. g3
Kh6 53. Kc3 Kh5 54. Rc6 Rc4+ 55. Kb3 Rc1 56. Kb2 Rh1 57. Rxc5 Rxh2+ 58. Kc1 Rg2
59. Rxb5 Rxg3 60. Rb6 Rg4 61. Kd2 Rxf4 62. Ke3 Ra4 63. Kf3 Kg5 64. Rb3 Rf4+ 65.
Kg3 Rg4+ 66. Kf3 Rh4 67. Kg3 f4+ 68. Kg2 Kg4 69. Rb4 g5 70. Ra4 Rh8 71. Rb4 Ra8
72. Kf2 Ra2+ 73. Kg1 Kg3 0-1

[Event "16ème Open de Saint Affrique"]
[Site "Saint Affrique"]
[Date "2008.07.21"]
[Round "4.78"]
[White "Priser, Victor"]
[Black "Blaisie, Philippe"]
[Result "1-0"]
[WhiteElo "1500"]
[BlackElo "1722"]
[PlyCount "81"]
[EventDate "2008.??.??"]

1. e4 e6 2. d4 d5 3. exd5 exd5 4. Nf3 Nf6 5. Bf4 c6 6. Nc3 Bg4 7. Be2 Bd6 8.
Bg3 O-O 9. Bh4 Nbd7 10. O-O Re8 11. h3 Bf5 12. a3 Rc8 13. b4 b5 14. Bd3 Bxd3
15. Qxd3 Qc7 16. Rfe1 Re7 17. Reb1 Rce8 18. a4 a6 19. axb5 axb5 20. Ra2 Bf4 21.
Rba1 Qd6 22. Ra8 Nb6 23. Rxe8+ Rxe8 24. Qf5 Ne4 25. Nxe4 dxe4 26. Ne1 e3 27. c3
Bh2+ 28. Kh1 Bf4 29. fxe3 Bxe3 30. Nf3 Bh6 31. Ra7 f6 32. Rb7 Nd5 33. Rd7 Qe6
34. Qxe6+ Rxe6 35. Rd8+ Kf7 36. Ra8 Nxc3 37. Ra7+ Kg6 38. g4 Nd5 39. Bg3 Be3
40. Nh4+ Kh6 41. Nf5+ 1-0

[Event "16ème Open de Saint Affrique"]
[Site "Saint Affrique"]
[Date "2008.07.21"]
[Round "4.88"]
[White "Kocher, Michel"]
[Black "Laccore, Henri"]
[Result "1-0"]
[WhiteElo "1190"]
[BlackElo "1440"]
[PlyCount "107"]
[EventDate "2008.??.??"]

1. e4 d5 2. exd5 Qxd5 3. Nc3 Qa5 4. d4 c6 5. Bd2 Qc7 6. Bc4 Nf6 7. h3 e6 8. Qe2
Be7 9. Ne4 Nbd7 10. Qf3 b5 11. Nxf6+ Nxf6 12. Bb3 Bb7 13. Bf4 Bd6 14. Ne2 O-O
15. Qg3 Bxf4 16. Nxf4 e5 17. Nd3 Qa5+ 18. c3 exd4 19. O-O dxc3 20. bxc3 Qxc3
21. Rfc1 Qa5 22. a4 Qd8 23. Nc5 Qb6 24. a5 Qd8 25. Nxb7 Qe7 26. a6 Rac8 27. Re1
Qc7 28. Nd6 Rcd8 29. Nf5 Qxg3 30. Ne7+ Kh8 31. fxg3 c5 32. Nc6 c4 33. Nxd8 Rxd8
34. Rad1 Rxd1 35. Rxd1 cxb3 36. Rb1 h5 37. Rxb3 g5 38. Rxb5 Ne4 39. Kh2 Kg7 40.
Rb7 g4 41. h4 Kg6 42. Rxa7 Nc5 43. Kg1 Kf6 44. Kf2 Ne4+ 45. Ke3 Nxg3 46. Rb7
Nf5+ 47. Kf4 Nxh4 48. Rb6+ Kg7 49. a7 Ng6+ 50. Rxg6+ Kxg6 51. a8=Q Kf6 52. Qc6+
Kg7 53. Kf5 Kf8 54. Kf6 1-0

[Event "16ème Open de Saint Affrique"]
[Site "Saint Affrique"]
[Date "2008.07.21"]
[Round "4.91"]
[White "Boyd, Christopher"]
[Black "Prieu, Arnaud"]
[Result "1-0"]
[WhiteElo "1110"]
[BlackElo "1310"]
[PlyCount "57"]
[EventDate "2008.??.??"]

1. e4 e5 2. Nf3 Nc6 3. Nc3 Bb4 4. d4 d6 5. d5 Nce7 6. Bc4 c6 7. dxc6 Nxc6 8.
Bd2 f5 9. exf5 Bxf5 10. Nd5 Bxd2+ 11. Qxd2 Nf6 12. Nxf6+ gxf6 13. O-O Rg8 14.
Bxg8 Rc8 15. Rad1 Ke7 16. Qh6 Qxg8 17. Qd2 Rd8 18. c4 Bh3 19. Ng5 Bxg2 20. Kxg2
fxg5 21. b4 Ke8 22. b5 Ne7 {#} 23. Kf3 e4+ 24. Kxe4 Qxc4+ 25. Qd4 Qxb5 26. Rfe1
d5+ 27. Kf3 b6 28. Qg7 Rd6 29. Qxe7# 1-0

[Event "16ème Open de Saint Affrique"]
[Site "Saint Affrique"]
[Date "2008.07.21"]
[Round "4.23"]
[White "Sauvan, Olivier"]
[Black "Picard, Clement"]
[Result "1-0"]
[WhiteElo "1956"]
[BlackElo "2204"]
[Annotator ",christopher"]
[PlyCount "67"]
[EventDate "2008.??.??"]

1. d4 e6 2. c4 d5 3. Nc3 Be7 4. Nf3 Nf6 5. Bg5 O-O 6. e3 h6 7. Bh4 b6 8. Bd3
Bb7 9. O-O c5 10. Qe2 Ne4 11. Bxe7 Qxe7 12. Rfd1 Nd7 13. cxd5 Nxc3 14. bxc3
exd5 15. Ba6 Bxa6 16. Qxa6 Nf6 17. c4 dxc4 18. Qxc4 Rac8 19. Rac1 Rc7 20. dxc5
Rxc5 21. Qa4 Rfc8 22. Rxc5 Rxc5 23. h3 Ra5 24. Qc2 g6 25. Nd4 Qc5 26. Qb1 Qc4
27. Nb3 Rd5 28. Rc1 Qe4 29. Qb2 Qe5 30. Qa3 a5 31. Rc8+ Kh7 32. Nd4 Qd6 33. Qb3
{#} 33... Nd7 34. e4 1-0

[Event "16ème Open de Saint Affrique"]
[Site "Saint Affrique"]
[Date "2008.07.22"]
[Round "5.1"]
[White "Karpatchev, Aleksandr"]
[Black "Riff, Jean-Noel"]
[Result "0-1"]
[WhiteElo "2460"]
[BlackElo "2481"]
[PlyCount "110"]
[EventDate "2008.??.??"]

1. e4 c5 2. c3 d5 3. exd5 Qxd5 4. Nf3 Nf6 5. d4 e6 6. Na3 Nc6 7. Be3 cxd4 8.
Nb5 Qd8 9. Nbxd4 Nd5 10. Bd3 Be7 11. Qc2 h6 12. O-O-O Nxe3 13. fxe3 Qa5 14. Kb1
Bd7 15. Be4 Rc8 16. Qe2 Nxd4 17. exd4 Bb5 18. Bd3 Bxd3+ 19. Qxd3 O-O 20. g4 Qd5
21. h4 b5 22. g5 b4 23. cxb4 h5 24. a3 a5 25. b5 a4 26. Ne5 Rb8 27. Nc6 Rb7 28.
Nxe7+ Rxe7 29. Rhe1 Rd8 30. Re5 Qg2 31. Qe2 Qg3 32. Qxh5 Red7 33. g6 fxg6 34.
Qg5 Qb3 35. Ree1 Rd6 36. Qxg6 Qxb5 37. Rxe6 Rb8 38. Re8+ Rxe8 39. Qxd6 Qb3 40.
Rg1 Re2 {#} 41. Qd8+ Kh7 42. Rxg7+ Kxg7 43. Qg5+ Kf8 44. Qc5+ Re7 45. Qc8+ Kg7
46. Qg4+ Kf6 47. Qg5+ Ke6 48. Qe5+ Kd7 49. Qf5+ Qe6 50. Qc5 Qc6 51. Qa5 Re2 52.
Qf5+ Kc7 53. Qf4+ Kb7 54. Qf7+ Kb6 55. Ka2 Qe6+ 0-1

[Event "16ème Open de Saint Affrique"]
[Site "Saint Affrique"]
[Date "2008.07.22"]
[Round "5.3"]
[White "Degraeve, Jean-Marc"]
[Black "Shoker, Samy"]
[Result "1-0"]
[WhiteElo "2523"]
[BlackElo "2365"]
[PlyCount "119"]
[EventDate "2008.??.??"]

1. e4 g6 2. d4 Bg7 3. Nc3 d6 4. f4 Nc6 5. Be3 d5 6. e5 Nh6 7. Nf3 Bg4 8. Bb5
O-O 9. Bxc6 bxc6 10. h3 Bxf3 11. Qxf3 f6 12. Qe2 fxe5 13. fxe5 e6 14. O-O-O Nf5
15. Bf2 Rb8 16. g4 Nh6 17. Na4 Nf7 18. Be3 Rb5 19. Nc5 Qe7 20. h4 Rfb8 21. b3
a5 22. a4 Rxc5 23. dxc5 Nxe5 24. Bd4 Nd7 25. Bxg7 Kxg7 26. h5 Qg5+ 27. Kb1 Nxc5
28. Rh3 Ne4 29. hxg6 h6 30. Qh2 Rb7 31. Re1 c5 {#} 32. Rxe4 dxe4 33. Rh5 Qxg6
34. g5 hxg5 35. Rh8 c6 36. Rc8 Qh7 37. Qe5+ Kf7 38. Qxc5 e3 39. Qxc6 Re7 40.
Qf3+ Kg6 41. Qxe3 Qf7 42. Rc5 Qf4 43. Qd3+ Kh5 44. Rxa5 e5 45. Qd6 Qf1+ 46. Kb2
Qe1 47. Ra8 Rb7 48. Rh8+ Kg4 49. Qe6+ Kf4 50. Rf8+ Kg3 51. Qd5 Rb4 52. Qf3+ Kh2
53. Qh5+ Rh4 54. Qxg5 Rh3 55. Rg8 Qc3+ 56. Kb1 Qe1+ 57. Ka2 Rg3 58. Qh4+ Kg2
59. Rxg3+ Qxg3 60. Qe4+ 1-0

[Event "16ème Open de Saint Affrique"]
[Site "Saint Affrique"]
[Date "2008.07.22"]
[Round "5.4"]
[White "Mullon, Jean-Baptiste"]
[Black "Janev, Evgeni"]
[Result "1/2-1/2"]
[WhiteElo "2336"]
[BlackElo "2502"]
[PlyCount "47"]
[EventDate "2008.??.??"]

1. e4 Nf6 2. e5 Nd5 3. d4 d6 4. Nf3 g6 5. Bc4 Nb6 6. Bb3 Bg7 7. Ng5 e6 8. Qf3
Qe7 9. Ne4 h6 10. Bf4 dxe5 11. Bxe5 f5 12. Bxg7 Qxg7 13. Ned2 Qxd4 14. Nc3 Nc6
15. O-O-O Qg7 16. Qg3 O-O 17. f4 Kh8 18. Nf3 e5 19. Nxe5 Nxe5 20. fxe5 f4 21.
Qf3 Qxe5 22. Rhe1 Qg7 23. Re4 Bd7 24. Rxf4 1/2-1/2

[Event "16ème Open de Saint Affrique"]
[Site "Saint Affrique"]
[Date "2008.07.22"]
[Round "5.5"]
[White "Gozzoli, Yannick"]
[Black "Guichard, Pauline"]
[Result "1-0"]
[WhiteElo "2502"]
[BlackElo "2284"]
[PlyCount "67"]
[EventDate "2008.??.??"]

1. d4 d5 2. c4 c6 3. Nc3 e6 4. Nf3 Bd6 5. e4 dxe4 6. Nxe4 Nf6 7. Nxd6+ Qxd6 8.
Bd3 Nbd7 9. O-O O-O 10. c5 Qd5 11. Bf4 b6 12. Bd6 Re8 13. Qc2 a5 14. Bc4 Qe4
15. Bd3 Qd5 16. Bc4 Qe4 17. Qd2 Ba6 18. Rfe1 Qf5 19. Bb3 Ne4 20. Qf4 Qxf4 21.
Bxf4 Nef6 22. Rac1 Rec8 23. h3 Bb7 24. a4 Nd5 25. Bd6 N7f6 26. Ne5 Ne8 27. Nc4
b5 28. Ne5 Nb4 29. Rc3 Nd5 30. Bxd5 exd5 31. Nd7 Nxd6 32. cxd6 Rd8 33. Re7 f6
34. Rg3 1-0

[Event "16ème Open de Saint Affrique"]
[Site "Saint Affrique"]
[Date "2008.07.22"]
[Round "5.6"]
[White "Libiszewski, Fabien"]
[Black "Buscara, Sevan"]
[Result "1-0"]
[WhiteElo "2475"]
[BlackElo "2159"]
[PlyCount "53"]
[EventDate "2008.??.??"]

1. e4 d6 2. d4 Nf6 3. Nc3 Nbd7 4. g3 e5 5. Nge2 Be7 6. Bg2 O-O 7. O-O c6 8. h3
b5 9. a3 Re8 10. g4 h6 11. Ng3 Nh7 12. Nf5 Ndf8 13. d5 cxd5 14. Nxd5 Bg5 15. f4
exf4 16. Bxf4 Ng6 17. Nxd6 Nxf4 18. Nxe8 Nxg2 {#} 19. Ndf6+ Qxf6 20. Nxf6+ Bxf6
21. Qd5 Rb8 22. Rxf6 Nxf6 23. Qd8+ Kh7 24. Kxg2 Ra8 25. Re1 Bb7 26. Qc7 Bxe4+
27. Rxe4 1-0

[Event "16ème Open de Saint Affrique"]
[Site "Saint Affrique"]
[Date "2008.07.22"]
[Round "5.7"]
[White "Borsos, Bogdan"]
[Black "Inkiov, Ventzislav"]
[Result "1/2-1/2"]
[WhiteElo "2377"]
[BlackElo "2446"]
[PlyCount "45"]
[EventDate "2008.??.??"]

1. e4 e5 2. Nf3 Nc6 3. d4 exd4 4. Nxd4 Bc5 5. Nxc6 Qf6 6. Qf3 bxc6 7. Be2 Qxf3
8. Bxf3 Nf6 9. Nc3 O-O 10. O-O Re8 11. Bf4 Bd4 12. Bxc7 Bxc3 13. bxc3 Nxe4 14.
Rfe1 d5 15. c4 Bf5 16. cxd5 cxd5 17. Ba5 Rac8 18. Rad1 Be6 19. Bxe4 dxe4 20.
Rxe4 Rxc2 21. a3 Ra2 22. Re3 a6 23. h3 1/2-1/2

[Event "16ème Open de Saint Affrique"]
[Site "Saint Affrique"]
[Date "2008.07.22"]
[Round "5.8"]
[White "Boudre, Jean-Pierre"]
[Black "Shirazi, Kamran"]
[Result "0-1"]
[WhiteElo "2323"]
[BlackElo "2440"]
[PlyCount "64"]
[EventDate "2008.??.??"]

1. e4 c5 2. Nf3 d6 3. d4 cxd4 4. Nxd4 Nf6 5. Nc3 g6 6. Be2 Bg7 7. O-O Nc6 8.
Nb3 O-O 9. Re1 Be6 10. Bg5 Rc8 11. Qd2 a6 12. Rad1 b5 13. f3 Na5 14. Nd4 Bc4
15. Bd3 Ng4 16. Nce2 Nf6 17. Nb3 Nc6 18. Nbc1 Re8 19. Bxc4 bxc4 20. b3 a5 21.
Nc3 Nb4 22. N1e2 Qc7 23. a3 Na6 24. Bxf6 Bxf6 25. Nd5 Qc5+ 26. Kh1 Bg7 27. b4
axb4 28. axb4 c3 29. Qg5 Nxb4 30. Nxe7+ Kf8 31. Qxc5 Rxc5 32. Nd5 {#} 32...
Rxd5 0-1

[Event "16ème Open de Saint Affrique"]
[Site "Saint Affrique"]
[Date "2008.07.22"]
[Round "5.9"]
[White "Monroy, Charles"]
[Black "Houard, Yannick"]
[Result "1/2-1/2"]
[WhiteElo "2393"]
[BlackElo "2123"]
[PlyCount "44"]
[EventDate "2008.??.??"]

1. Nf3 d5 2. d4 Nf6 3. c4 c6 4. e3 a6 5. b3 Bg4 6. Bd3 e6 7. Nbd2 Nbd7 8. O-O
Bd6 9. Bb2 Qb8 10. Qc2 O-O 11. h3 Bh5 12. Qc3 Rc8 13. Ne5 c5 14. f4 cxd4 15.
exd4 b5 16. c5 {#} 16... Nxc5 17. dxc5 Bxc5+ 18. Kh1 Ba3 19. Qd4 Bc5 20. Qc3
Ba3 21. Qd4 Bc5 22. Qc3 Ba3 1/2-1/2

[Event "16ème Open de Saint Affrique"]
[Site "Saint Affrique"]
[Date "2008.07.22"]
[Round "5.10"]
[White "Philippe, Christophe"]
[Black "Remille, Tristan"]
[Result "1-0"]
[WhiteElo "2442"]
[BlackElo "2185"]
[PlyCount "65"]
[EventDate "2008.??.??"]

1. e4 Nf6 2. e5 Nd5 3. d4 d6 4. Nf3 g6 5. Bc4 c6 6. O-O Bg7 7. exd6 Qxd6 8. Re1
Bg4 9. Nbd2 O-O 10. h3 Bxf3 11. Nxf3 Nd7 12. Bb3 b5 13. a4 a6 14. Bg5 e6 15.
Qe2 c5 16. axb5 cxd4 17. Rxa6 Rxa6 18. bxa6 Nc7 19. Bc4 Ra8 20. Ra1 Nc5 21. Ra2
N5xa6 22. Qe4 Re8 23. Bf4 Qb6 24. Be5 Rd8 25. Qh4 Rf8 26. Bxg7 Kxg7 27. Qxd4+
Qxd4 28. Nxd4 Rd8 29. Nxe6+ Nxe6 30. Rxa6 Rd1+ 31. Kh2 Rd2 32. Bxe6 fxe6 33.
Rc6 1-0

[Event "16ème Open de Saint Affrique"]
[Site "Saint Affrique"]
[Date "2008.07.22"]
[Round "5.25"]
[White "Palleja, Xavier"]
[Black "Divine, Armand"]
[Result "0-1"]
[WhiteElo "2268"]
[BlackElo "1997"]
[PlyCount "54"]
[EventDate "2008.??.??"]

1. e4 c5 2. c3 Nf6 3. e5 Nd5 4. d4 cxd4 5. Nf3 e6 6. cxd4 b6 7. Bd3 Bb4+ 8. Bd2
Bxd2+ 9. Nfxd2 Ba6 10. Be4 Nc6 11. Bxd5 exd5 12. Nf3 Nb4 13. Qd2 Nd3+ 14. Kd1
O-O 15. Ne1 Nxe1 16. Rxe1 Qh4 17. h3 Rac8 18. Nc3 Rc4 19. f4 Qh5+ 20. Kc2 Rfc8
21. Rac1 Qg6+ 22. Kd1 b5 23. g4 b4 24. Ne2 Qe4 25. g5 Rxc1+ 26. Nxc1 Qf3+ 27.
Ne2 b3 {#} 0-1

[Event "16ème Open de Saint Affrique"]
[Site "Saint Affrique"]
[Date "2008.07.22"]
[Round "5.30"]
[White "Andrieu, Philippe"]
[Black "Flear, Christine"]
[Result "1-0"]
[WhiteElo "1944"]
[BlackElo "2133"]
[PlyCount "81"]
[EventDate "2008.??.??"]

1. d4 f5 2. e4 fxe4 3. Nc3 Nf6 4. Bg5 Nc6 5. d5 Ne5 6. Qd4 Nf7 7. h4 c6 8. Bc4
Nd6 9. Nh3 Qb6 10. Qxb6 axb6 11. Bb3 c5 12. a3 g6 13. Bf4 Bg7 14. Bxd6 exd6 15.
Nb5 Ke7 16. O-O Ra5 17. a4 Rf8 18. Rfe1 Kd8 19. c3 h6 20. Rad1 Ne8 21. Rxe4 Nc7
22. Nxd6 b5 23. axb5 Nxb5 24. Nc4 Ra6 25. d6 Rf6 26. Rde1 Nxd6 27. Nxd6 Rfxd6
28. Re8+ Kc7 29. Rg8 Bf6 30. Ree8 Ra1+ 31. Kh2 Ra8 32. Nf4 b5 33. Nd5+ Rxd5 34.
Bxd5 Rb8 35. Rxg6 Bxh4 36. g3 Bd8 37. Rxh6 Bb7 38. Bxb7 Rxb7 39. Re5 d6 40.
Rh7+ Kc6 41. Rxb7 1-0

[Event "16ème Open de Saint Affrique"]
[Site "Saint Affrique"]
[Date "2008.07.22"]
[Round "5.31"]
[White "Nguyen-Huu, Hoang"]
[Black "Vigneron, Quentin"]
[Result "0-1"]
[WhiteElo "2129"]
[BlackElo "1921"]
[PlyCount "96"]
[EventDate "2008.??.??"]

1. c3 d5 2. Qc2 e5 3. d3 c5 4. e4 Nf6 5. Nf3 Nc6 6. Be2 g6 7. a3 Bg7 8. O-O O-O
9. Re1 h6 10. Nbd2 Be6 11. Rb1 Qc7 12. b3 Rac8 13. Bf1 b5 14. exd5 Nxd5 15. Ne4
Nce7 16. c4 bxc4 17. bxc4 Nb6 18. Rb5 Nd7 19. Qa4 Nf5 20. Bd2 Nd6 21. Nxd6 Qxd6
22. Rb7 a6 23. Bc3 Rb8 24. Reb1 Kh7 25. h3 Ra8 26. Ba5 Rfc8 27. Be2 Bf5 28. Nd2
Rab8 29. Ne4 Qe6 30. Rxb8 Nxb8 31. Rb6 Qe7 32. Qb3 Bxe4 33. dxe4 Nc6 34. Qa4
Nd4 35. Kf1 Qg5 36. Rxa6 Qc1+ 37. Bd1 Rb8 38. Bb6 Qb1 39. Bxc5 Qd3+ 40. Ke1
Qxe4+ 41. Kd2 Qf4+ 42. Ke1 Qe4+ 43. Kd2 Qf4+ 44. Ke1 Rb2 45. Bxd4 exd4 46. Be2
d3 47. Qa5 Qc1+ 48. Bd1 Re2+ 0-1

[Event "16ème Open de Saint Affrique"]
[Site "Saint Affrique"]
[Date "2008.07.22"]
[Round "5.35"]
[White "Picard, Clement"]
[Black "Joli, Laurent"]
[Result "0-1"]
[WhiteElo "2204"]
[BlackElo "1911"]
[PlyCount "150"]
[EventDate "2008.??.??"]

1. e4 e6 2. d4 d5 3. Nd2 c5 4. exd5 Qxd5 5. Ngf3 cxd4 6. Bc4 Qc5 7. Qe2 Nc6 8.
Nb3 Qb6 9. O-O Be7 10. Bf4 Bf6 11. Rad1 Nge7 12. Rd2 O-O 13. Rfd1 Ng6 14. Bd6
Re8 15. Bc5 Qc7 16. Nfxd4 Nf4 17. Qf1 Nxd4 18. Bxd4 e5 19. Be3 Be6 20. Bxe6
Nxe6 21. c3 Rad8 22. Qb5 a6 23. Qb6 Rxd2 24. Rxd2 Qxb6 25. Bxb6 Bd8 26. Be3 Bc7
27. Kf1 Rd8 28. Ke2 f5 29. f3 Rxd2+ 30. Nxd2 g5 31. Kd3 Kf7 32. Kc4 Kf6 33. h3
h5 34. Kd5 Bb8 35. a4 e4 36. fxe4 Bf4 37. Nf1 Nc7+ 38. Kd4 Ne6+ 39. Kc4 fxe4
40. Kd5 Kf5 41. g3 Nc7+ 42. Kc5 Be5 43. Bf2 Ne8 44. Ne3+ Ke6 45. Nc4 Bc7 46.
Kd4 Nf6 47. Ne3 Bb6+ 48. Kc4 Nd7 49. b4 Ne5+ 50. Kb3 Nd3 51. Bg1 Nc1+ 52. Kc2
Ne2 53. Bf2 Nxg3 54. c4 Bxe3 55. Bxe3 g4 56. hxg4 hxg4 57. Kd1 Ke5 58. b5 Nf5
59. Ba7 axb5 60. axb5 Ke6 61. Ke2 Nd6 62. Ke3 g3 63. Kf4 g2 64. Kg3 Nxc4 65.
Kxg2 Nd6 66. b6 Nc4 67. Kf2 Kd5 68. Ke2 Kc5 69. Kd1 Kd4 70. Ke2 e3 71. Bb8 Ke4
72. Bc7 Nb2 73. Bd8 Nd3 74. Be7 Nf4+ 75. Ke1 Kf3 0-1

[Event "16ème Open de Saint Affrique"]
[Site "Saint Affrique"]
[Date "2008.07.22"]
[Round "5.40"]
[White "Fejzovski, Ekrem"]
[Black "Boukhris-Ferre, Yacine"]
[Result "0-1"]
[WhiteElo "2093"]
[BlackElo "1870"]
[PlyCount "81"]
[EventDate "2008.??.??"]

1. d4 Nf6 2. Nf3 g6 3. c4 Bg7 4. Nc3 O-O 5. e4 d6 6. h3 e5 7. Be2 Nbd7 8. Bg5
c6 9. O-O h6 10. Be3 Qe7 11. d5 c5 12. a3 Ne8 13. b4 b6 14. Nh2 f5 15. f3 f4
16. Bf2 h5 17. Re1 Bf6 18. Bd3 Bh4 19. Qe2 Bxf2+ 20. Qxf2 g5 21. Rad1 Ndf6 22.
Be2 Qh7 23. h4 g4 24. g3 Qg7 25. Nf1 Nh7 26. Rd3 a6 27. Kh1 Ra7 28. Na4 Rb7 29.
bxc5 bxc5 30. Nxc5 dxc5 31. Qxc5 gxf3 32. Rxf3 Bg4 33. Rd3 f3 34. Bd1 f2 35.
Ree3 Rb1 36. d6 Nef6 37. Qxe5 Rxd1 38. Rxd1 Bxd1 39. c5 Qg4 40. Kh2 {#} 40...
Qxh4+ 41. Kg2 0-1

[Event "16ème Open de Saint Affrique"]
[Site "Saint Affrique"]
[Date "2008.07.22"]
[Round "5.48"]
[White "Ait-Chaouche, Samy"]
[Black "Deveau, Henri"]
[Result "1-0"]
[WhiteElo "1991"]
[BlackElo "1792"]
[PlyCount "43"]
[EventDate "2008.??.??"]

1. e4 e5 2. d4 exd4 3. c3 dxc3 4. Nxc3 Bb4 5. Bc4 d5 6. Bxd5 Bxc3+ 7. bxc3 Nf6
8. Ba3 Nxd5 9. exd5 f6 10. Qb3 Kf7 11. d6+ Be6 12. Qxb7 Re8 13. O-O-O Nd7 14.
Nf3 cxd6 15. Bxd6 Qc8 16. Qxc8 Raxc8 17. Bb4 Nb6 18. Nd4 Bxa2 19. Nb5 Bb3 20.
Nd6+ Kg8 21. Nxc8 Bxd1 22. Nxb6 1-0

[Event "16ème Open de Saint Affrique"]
[Site "Saint Affrique"]
[Date "2008.07.22"]
[Round "5.63"]
[White "Arcusa, Michel"]
[Black "Rinie, Jean-Jacques"]
[Result "0-1"]
[WhiteElo "1899"]
[BlackElo "1700"]
[PlyCount "64"]
[EventDate "2008.??.??"]

1. Nf3 Nf6 2. d4 d5 3. Bf4 c6 4. h3 e6 5. e3 Bd6 6. Ne5 Qb6 7. Qc1 Qc7 8. Nd2
Nbd7 9. Ndf3 O-O 10. Bd3 b6 11. c3 Bb7 12. Qb1 Rfe8 13. g4 g6 14. h4 Bxe5 15.
Nxe5 Nxe5 16. Bxe5 Qe7 17. f3 Nd7 18. Bg3 e5 19. e4 exd4 20. cxd4 dxe4 21. fxe4
Qb4+ 22. Kf1 Qxd4 23. Bf2 Qe5 24. Kg2 c5 25. Re1 Nf6 26. Bg3 Qe6 27. h5 Qxg4
28. hxg6 hxg6 29. Kh2 Nxe4 30. Bxe4 Bxe4 31. Qc1 Qh5+ 32. Kg1 Qh1+ 0-1

[Event "16ème Open de Saint Affrique"]
[Site "Saint Affrique"]
[Date "2008.07.22"]
[Round "5.65"]
[White "Cazeneuve, Thomas"]
[Black "Aguilera, Esteban"]
[Result "1-0"]
[WhiteElo "1858"]
[BlackElo "1680"]
[PlyCount "35"]
[EventDate "2008.??.??"]

1. d4 e6 2. Nf3 f5 3. Bf4 Nf6 4. e3 b6 5. h3 Bb7 6. Bd3 Be7 7. g4 g6 8. Rg1 Be4
9. Nc3 Bb4 10. Bg5 Bxd3 11. Qxd3 Qe7 12. O-O-O c6 13. gxf5 exf5 14. d5 Bxc3 15.
Qxc3 O-O 16. Nh4 Ne4 17. Bxe7 Nxc3 18. bxc3 1-0

[Event "16ème Open de Saint Affrique"]
[Site "Saint Affrique"]
[Date "2008.07.22"]
[Round "5.70"]
[White "Pouplin, Johan"]
[Black "Thuret, Marine"]
[Result "1-0"]
[WhiteElo "1600"]
[BlackElo "1793"]
[PlyCount "71"]
[EventDate "2008.??.??"]

1. d4 Nf6 2. c4 g6 3. Nc3 Bg7 4. e4 d6 5. Nf3 O-O 6. Be2 Nbd7 7. O-O e5 8. d5
h6 9. b4 Ne8 10. Ne1 f5 11. Nd3 Ndf6 12. f3 f4 13. c5 g5 14. a4 h5 15. h3 Kh7
16. Ba3 Ng8 17. Rc1 Nh6 18. Nf2 Rg8 19. Qc2 dxc5 20. bxc5 Bf8 21. Rfd1 a6 22.
Qd2 Nf6 23. Bc4 Rg7 24. d6 cxd6 25. cxd6 g4 26. hxg4 hxg4 27. Kf1 gxf3 28. gxf3
Nh5 29. Ne2 Qh4 30. Qc3 Ng3+ 31. Ke1 Nh1 32. Bc5 Rg2 33. Kd2 Nxf2 34. Bxf2 Qxf2
35. Rf1 Qc5 36. Bg8+ 1-0

[Event "16ème Open de Saint Affrique"]
[Site "Saint Affrique"]
[Date "2008.07.23"]
[Round "6.2"]
[White "Okhotnik, Vladimir"]
[Black "Gozzoli, Yannick"]
[Result "0-1"]
[WhiteElo "2468"]
[BlackElo "2502"]
[PlyCount "128"]
[EventDate "2008.??.??"]

1. Nf3 d5 2. g3 g6 3. d4 Bg7 4. Bg2 Nf6 5. c4 O-O 6. cxd5 Nxd5 7. O-O c5 8. e4
Nf6 9. Nc3 cxd4 10. Nxd4 Ng4 11. Nb3 Ne5 12. Qe2 Qd3 13. Re1 Qxe2 14. Rxe2 Bg4
15. Re3 Nbc6 16. h3 Be6 17. Nd5 Rad8 18. Re2 Bc8 19. Bg5 f6 20. Bd2 e6 21. Nf4
b6 22. Bc3 Ba6 23. Ree1 Kf7 24. Red1 Rxd1+ 25. Rxd1 g5 26. Rd6 Ke7 {#} 27. Nxe6
Kxd6 28. Nxg7 Kd7 29. f4 gxf4 30. gxf4 Ng6 31. Nh5 Kc7 32. Bxf6 Be2 33. Ng7
Nxf4 34. e5 Bc4 35. Bxc6 Kxc6 36. Nd4+ Kd7 37. b3 Bf7 38. Kf2 Ne6 39. Ngxe6
Bxe6 40. h4 Rc8 41. Ke3 Rc3+ 42. Kd2 Rh3 43. Kc2 Rh2+ 44. Kb1 a6 45. Bg5 b5 46.
a3 Bd5 47. Ka1 h6 48. Bxh6 Rxh4 49. Bg7 Rh2 50. Bf6 Rf2 51. Bh4 Rf4 52. Bf6 Ke8
53. Nc2 Bxb3 54. Nb4 a5 55. Nc6 Bd5 56. Na7 b4 57. axb4 axb4 58. Nb5 Kd7 59.
Nd4 Rf1+ 60. Kb2 Rf2+ 61. Kc1 b3 62. e6+ Kc8 63. Nb5 Rxf6 64. e7 Bf7 0-1

[Event "16ème Open de Saint Affrique"]
[Site "Saint Affrique"]
[Date "2008.07.23"]
[Round "6.3"]
[White "Shirazi, Kamran"]
[Black "Libiszewski, Fabien"]
[Result "0-1"]
[WhiteElo "2440"]
[BlackElo "2475"]
[PlyCount "100"]
[EventDate "2008.??.??"]

1. Nf3 Nf6 2. g3 g6 3. c4 Bg7 4. Bg2 O-O 5. O-O d6 6. Nc3 Nc6 7. Rb1 Bf5 8. d3
Qd7 9. Re1 Bh3 10. Bh1 h6 11. b4 e5 12. b5 Nd4 13. Nxd4 exd4 14. Nd5 Nxd5 15.
Bxd5 c6 16. bxc6 bxc6 17. Bf3 Rab8 18. Bd2 Bg4 19. Bxg4 Qxg4 20. e4 Qd7 21.
Rxb8 Rxb8 22. Qc1 Kh7 23. c5 dxc5 24. Bf4 Rb5 25. Qc2 Qe6 26. h4 Bf8 27. Bd2
Qd7 28. a4 Rb6 29. Ba5 Rb8 30. Rb1 Rxb1+ 31. Qxb1 c4 32. dxc4 d3 33. Bd2 Bc5 {#
} 34. Qb3 Qd4 35. Be3 Qa1+ 36. Kg2 Bxe3 37. Qxd3 Bd4 38. h5 Qc3 39. hxg6+ fxg6
40. Qe2 h5 41. e5 Bxe5 42. Qe4 c5 43. Qb7+ Kh6 44. Qxa7 Qxc4 45. Qa8 Qf7 46. a5
Bd4 47. f4 Qa2+ 48. Kh3 Qe6+ 49. Kh2 Qe2+ 50. Kh3 Qf1+ 0-1

[Event "16ème Open de Saint Affrique"]
[Site "Saint Affrique"]
[Date "2008.07.23"]
[Round "6.4"]
[White "Andonov, Bogomil"]
[Black "Sikula, Vaszilij"]
[Result "1/2-1/2"]
[WhiteElo "2326"]
[BlackElo "2540"]
[PlyCount "124"]
[EventDate "2008.??.??"]

1. Nf3 Nf6 2. c4 g6 3. Nc3 Bg7 4. e4 d6 5. d4 O-O 6. h3 e5 7. d5 a5 8. g4 Na6
9. Be3 Nc5 10. Nd2 Ne8 11. h4 f5 12. gxf5 gxf5 13. Bxc5 dxc5 14. Qe2 Nd6 15.
Bh3 Qxh4 16. O-O-O Qf4 17. Kb1 Rf6 18. exf5 Rh6 19. Nce4 b6 20. Nxd6 cxd6 21.
Ne4 Bxf5 22. Bxf5 Qxf5 23. Rxh6 Bxh6 24. Rd3 Rf8 25. a4 Qd7 26. Qh5 Bf4 27. Rh3
Rf7 28. Rb3 Qd8 29. Qg4+ Kf8 30. Qe6 h5 31. Nxd6 Rf6 32. Nb7 Rxe6 33. Nxd8 Rh6
34. Rh3 Ke7 35. Ne6 Kf6 36. Kc2 Kf5 37. f3 h4 38. Kd3 Bg3 39. Ke3 e4 40. Ng7+
Kf6 41. Ne6 exf3 42. Kxf3 Ke5 43. Rh1 Rf6+ 44. Kg4 Rf2 45. Re1+ Kd6 46. b3 Rc2
47. Re3 b5 48. axb5 a4 49. Ng7 axb3 50. Nf5+ Kd7 51. Rxb3 Rxc4+ 52. Kh3 Rb4 53.
Ra3 Rxb5 54. Ra7+ Kd8 55. Nxg3 hxg3 56. d6 c4 57. Rc7 Rg5 58. Kg2 Rg4 59. Ra7
Rg6 60. Rc7 Rg4 61. Ra7 Rd4 62. Rc7 Rxd6 1/2-1/2

[Event "16ème Open de Saint Affrique"]
[Site "Saint Affrique"]
[Date "2008.07.23"]
[Round "6.5"]
[White "Janev, Evgeni"]
[Black "Van Elst, Andreas"]
[Result "1/2-1/2"]
[WhiteElo "2502"]
[BlackElo "2336"]
[PlyCount "64"]
[EventDate "2008.??.??"]

1. e4 c5 2. Nf3 e6 3. c3 Nf6 4. e5 Nd5 5. d4 cxd4 6. cxd4 d6 7. a3 Nc6 8. Bd3
g6 9. O-O Bg7 10. Be4 dxe5 11. dxe5 O-O 12. Re1 Qc7 13. Bxd5 exd5 14. Nc3 Be6
15. Bf4 Rad8 16. Rc1 Qa5 17. Na4 d4 18. b4 Qd5 19. Nc5 b6 20. Ne4 Nxe5 21. Nxe5
Bxe5 22. Nc3 dxc3 23. Qxd5 Rxd5 24. Bxe5 f6 25. Bxc3 Kf7 26. b5 Rc8 27. Bb4
Rxc1 28. Rxc1 Bd7 29. f3 Bxb5 30. Rc7+ Rd7 31. Rxd7+ Bxd7 32. Kf2 Ke6 1/2-1/2